| 000 | 00990nam0a22002651 4500 | ||
|---|---|---|---|
| 001 | rc\4236259 | ||
| 005 | 20250612023841.0 | ||
| 021 |
_aRU _b[64-48353] |
||
| 035 | _a(NLR Aleph) 008467286 | ||
| 090 |
_a7907131 _c7907131 |
||
| 100 | _a20130416d1964 |||y0rusy50 ca | ||
| 101 | 0 | _arus | |
| 102 | _aRU | ||
| 105 | _ay z ||||| | ||
| 200 | 1 | _aНеиссякаемый родник | |
| 210 |
_aВладивосток _cДальневост. кн. изд-во _d1964 |
||
| 215 |
_a36 с. _d20 |
||
| 606 |
_aКультурно-просветительная работа _xУчастие общественности _yПриморский край _2psbo |
||
| 606 |
_aПолитико-массовая работа _xУчастие общественности _yПриморский край _2psbo |
||
| 700 | 1 |
_aАндрусова _bТ.К. _gТатьяна Карповна |
|
| 801 | 0 |
_aRU _bNLR _gpsbo |
|
| 801 | 1 |
_aRU _bELAR _2rusmarc |
|
| 852 |
_aNLR _j64-4/10698 |
||
| 942 | _cBOOK | ||
| 980 | _aNB | ||